00697nam a22002057a 4500003000200000005001700002008004100019020002200060050002200082100002400104245004900128260007100177300002900248504004200277650004100319650002800360650003300388650004400421700002600465020250424114252.0250424b xxu||||| |||| 00| 0 eng d a978-621-427-166-5 aT 58.5b.P66 2023 aPomperada, Jake R.  aEmpowerment technologies cJake R. Pomperada aManilabUnlimited Books Library Services & Publishing Inc. cc2023 axii, 155 pages ;c26cm.  aIncludes bibliographical references.  aDigital technology—Social aspects. aInformation technology. aTechnology—Social aspects. aICT—Study and teaching—Philippines. aCastellano, Jason V.